000 00769nam a2200241Ia 4500
008 191130s1994##################000#0#eng##
020 _a9780333961582
022 _a93043781
040 _aACL
_cACL
082 _a362.10941 BAG
100 _aBaggott, Rob
245 _aHealth and health care in Britain
_cRob Baggott
260 _aNew York
_bSt. Martin's Press
_c1994
300 _axv, 428p. : ill. ; 24 cm
500 _aIncludes bibliographical references (p. 276-301) and index
650 _aMedical care - Great Britain
650 _aMedical policy - Great Britain
650 _aNational health services - Great Britain
650 _aPublic health - Great Britain
990 _ad511b1b7ac10000c2aef3addcc8d87eb
991 _a366614
999 _c202612
_d202612